Pathophysiology For Pharmacy (Record no. 9606)

MARC details
000 -LEADER
fixed length control field 00547nam a22002057a 4500
003 - CONTROL NUMBER IDENTIFIER
control field OSt
005 - DATE AND TIME OF LATEST TRANSACTION
control field 20260225154810.0
008 - FIXED-LENGTH DATA ELEMENTS--GENERAL INFORMATION
fixed length control field 260225b |||||||| |||| 00| 0 eng d
020 ## - INTERNATIONAL STANDARD BOOK NUMBER
International Standard Book Number 9789387593275
040 ## - CATALOGING SOURCE
Transcribing agency NLM
082 ## - DEWEY DECIMAL CLASSIFICATION NUMBER
Classification number QZ4 D451p 2021
100 ## - MAIN ENTRY--PERSONAL NAME
Personal name Keya, Desai; Mohit,Bansal; By Raj Pal, Bansal
9 (RLIN) 19546
245 ## - TITLE STATEMENT
Title Pathophysiology For Pharmacy
260 ## - PUBLICATION, DISTRIBUTION, ETC. (IMPRINT)
Place of publication, distribution, etc. PV India;
Name of publisher, distributor, etc. Standared,
Date of publication, distribution, etc. 2025
300 ## - PHYSICAL DESCRIPTION
Extent 315p.; Ill: 23.5cm
504 ## - BIBLIOGRAPHY, ETC. NOTE
Bibliography, etc Index included
650 ## - SUBJECT ADDED ENTRY--TOPICAL TERM
Topical term or geographic name as entry element Pathophysiology
9 (RLIN) 1863
650 ## - SUBJECT ADDED ENTRY--TOPICAL TERM
Topical term or geographic name as entry element Pharmacy
942 ## - ADDED ENTRY ELEMENTS (KOHA)
Source of classification or shelving scheme Other/Generic Classification Scheme
Koha item type Open Shelf
Holdings
Withdrawn status Lost status Source of classification or shelving scheme Damaged status Not for loan Home library Current library Date acquired Source of acquisition Inventory number Total Checkouts Full call number Barcode Date last seen Koha item type
    Other/Generic Classification Scheme     MUST Main Library MUST Main Library 25/02/2026 Purchase 25/42426   QZ4 D451p 2021 2026-0019 25/02/2026 Open Shelf
    Other/Generic Classification Scheme     MUST Main Library MUST Main Library 25/02/2026 Purchase 25/42427   QZ4 D451p 2021 2026-0020 25/02/2026 Open Shelf